000 02252cas a22004695a 4500
001 vtls003134726
003 MY-SjTCS
005 20200207085408.0
006 m d ||||||
007 cr anunnnuuuaa
008 870514c19879999enkbx p 0 a0eng d
022 _a0284-4311
_y0036-5556
_2z
035 _a(EbpS)ebs666865
039 9 _a201211301050
_bpushpa
_y200812260845
_zVLOAD
050 1 4 _aRD118
_bS32
060 0 0 _aW1
_bSC152C
245 0 0 _aScandinavian journal of plastic and reconstructive surgery and hand surgery
_h[electronic resource] /
_cNordisk plastikkirurgisk forening [and] Nordisk klubb for handkirurgi.
260 _aStockholm, Sweden :
_bDistributed by the Almqvist & Wiksell Periodical Co. ;
_aSweden :
_bSociety for Publication of Acta Chirurgica Scandinavica [publisher],
_cc1987-
310 _aSix no. a year,
_b2002-
362 0 _aVol. 21, no. 1-
500 _aTitle from cover.
500 _aPublished: England : Taylor & Francis, 2000-
500 _aAcademic Journal
529 _aTSLHHL
530 _aOnline version of print publication.
550 _aOrgan of the Scandinavian Association of Plastic Surgeons and the Scandinavian Society for Surgery of the Hand.
650 0 _aSurgery, Plastic
_vPeriodicals.
650 0 _aHand
_xSurgery
_vPeriodicals.
650 2 _aHand
_xsurgery
_vPeriodicals.
650 2 _aSurgery, Plastic
_vPeriodicals.
650 1 7 _aPlastische chirurgie.
_2gtt
650 1 7 _aReconstructieve chirurgie.
_2gtt
650 1 7 _aHanden.
_2gtt
650 6 _aMain
_xChirurgie
_vPériodiques.
650 6 _aChirurgie plastique
_vPériodiques.
710 2 _aNordisk plastikkirurgisk forening.
710 2 _aNordisk klubb for handkirurgi.
710 2 _aSociety for the Publication of Acta Chirurgica Scandinavica.
773 0 _tAcademic Source Complete
_dIpswich, MA : EBSCO Publishing, 1999-
780 0 0 _tScandinavian journal of plastic and reconstructive surgery
_x0036-5556
_w(DLC)sn 86012768
_w(OCoLC)1765086
856 4 0 _uhttps://ezproxy.taylors.edu.my/login?url=https://search.ebscohost.com/direct.asp?db=a9h&jid=BDA
_zAccessible through the World Wide Web; click to view
999 _c116397